| 000 | 00568nam a2200157 a 4500 | ||
|---|---|---|---|
| 008 | 210303s2014 ||||||||||||||||| || u | ||
| 020 | _a9785883370723 | ||
| 050 | _aPG 2900 Zhu | ||
| 100 | _aZhukova, N.N | ||
| 245 | 1 | 0 |
_a10 stories: book for reading _cN.N Zhukova |
| 260 |
_aMoscow _c2014 |
||
| 300 | _a199 pages | ||
| 500 | _aBook for Russian language as a foreign language | ||
| 650 | _aRUSSIAN LITERATURE | ||
| 995 |
_FCBU-MAIN LIBRARY (Kitwe) _M1 _UAVAILABLE _WMar 3, 2021 _ZMain Library Open Access Collection |
||
| 999 |
_c33041 _d33041 |
||